{"text_format":"3","workbook":"xlsx","n_sheets":1,"sheets":["t291"],"read":"whole","date_system":"1900"}

{"sheet":"t291","index":0,"n_rows":168,"n_cols":7,"rows_kept":168,"merged":[[0,0,0,6],[28,0,28,5],[39,0,39,5],[143,0,143,5]]}
["TABELA 291.1 - Estatísticas Agrícolas, Município de Júlio Mesquita, Estado de São Paulo, 2016/17."]
["ITEM","UNIDADE","N.DE UPAs","MÍNIMO","MÉDIO","MÁXIMO","TOTAL"]
["Distância à sede do município","km",110,0.1,{"v":6.68,"d":"6.7"},{"v":15,"d":"15.0"},"-"]
["Área total","hectare",110,{"v":0.45,"d":"0.5"},110.3,{"v":1195.9,"d":"1,195.9"},{"v":12132.66,"d":"12,132.7"}]
["Área com cultura perene","hectare",17,0.4,{"v":67.48,"d":"67.5"},{"v":750,"d":"750.0"},{"v":1147.2,"d":"1,147.2"}]
["Área com cultura temporária","hectare",31,0.3,{"v":34.38,"d":"34.4"},{"v":350,"d":"350.0"},{"v":1065.9,"d":"1,065.9"}]
["Área com pastagem","hectare",86,1.2,{"v":79.62,"d":"79.6"},914.9,{"v":6847.3,"d":"6,847.3"}]
["Área com reflorestamento","hectare",31,0.2,35.2,361.1,{"v":1091.3,"d":"1,091.3"}]
["Área com vegetação natural","hectare",45,0.2,{"v":23.11,"d":"23.1"},285.7,{"v":1040.03,"d":"1,040.0"}]
["Área com vegetação de brejo e várzea","hectare",67,0.2,{"v":9.02,"d":"9.0"},{"v":97,"d":"97.0"},{"v":604.64,"d":"604.6"}]
["Área em descanso","hectare",15,1.2,{"v":14.03,"d":"14.0"},71.6,210.5]
["Área complementar","hectare",82,{"v":0.05,"d":"0.1"},{"v":1.53,"d":"1.5"},{"v":12,"d":"12.0"},{"v":125.79,"d":"125.8"}]
["Área das UPAs com (0, 1] ha","hectare",1,{"v":0.45,"d":"0.5"},{"v":0.45,"d":"0.5"},{"v":0.45,"d":"0.5"},{"v":0.45,"d":"0.5"}]
["Área das UPAs com (1, 2] ha","hectare",3,1.4,1.8,{"v":2,"d":"2.0"},5.4]
["Área das UPAs com (2, 5] ha","hectare",9,2.2,{"v":3.07,"d":"3.1"},4.8,27.6]
["Área das UPAs com (5, 10] ha","hectare",10,5.2,{"v":7.42,"d":"7.4"},9.9,{"v":74.21,"d":"74.2"}]
["Área das UPAs com (10, 20] ha","hectare",11,10.9,{"v":16.41,"d":"16.4"},19.6,180.5]
["Área das UPAs com (20, 50] ha","hectare",27,{"v":24,"d":"24.0"},34.8,48.4,{"v":939.62,"d":"939.6"}]
["Área das UPAs com (50, 100] ha","hectare",21,50.8,{"v":67.24,"d":"67.2"},{"v":97,"d":"97.0"},{"v":1412,"d":"1,412.0"}]
["Área das UPAs com (100, 200] ha","hectare",13,107.7,{"v":133.28,"d":"133.3"},196.1,{"v":1732.6,"d":"1,732.6"}]
["Área das UPAs com (200, 500] ha","hectare",9,206.9,{"v":313.96,"d":"314.0"},483.6,{"v":2825.68,"d":"2,825.7"}]
["Área das UPAs com (500, 1.000] ha","hectare",5,507.1,{"v":747.74,"d":"747.7"},988.5,{"v":3738.7,"d":"3,738.7"}]
["Área das UPAs com (1.000, 2.000] ha","hectare",1,{"v":1195.9,"d":"1,195.9"},{"v":1195.9,"d":"1,195.9"},{"v":1195.9,"d":"1,195.9"},{"v":1195.9,"d":"1,195.9"}]
["Área das UPAs com (2.000, 5.000] ha","hectare","-","-","-","-","-"]
["Área das UPAs com (5.000, 10.000] ha","hectare","-","-","-","-","-"]
["Área das UPAs acima de 10.000 ha","hectare","-","-","-","-","-"]
["Fonte: Secretaria de Agricultura e Abastecimento, CDRS/IEA, Projeto LUPA."]
[]
["TABELA 291.2 - Explorações Animais, Município de Júlio Mesquita, Estado de São Paulo, 2016/17."]
["ITEM","UNIDADE","N.DE UPAs","MÍNIMO","MÉDIO","MÁXIMO","TOTAL"]
["Asininos e muares","cabecas",2,{"v":1,"d":"1.0"},{"v":1,"d":"1.0"},{"v":1,"d":"1.0"},{"v":2,"d":"2.0"}]
["Bovinocultura de corte","cabecas",60,{"v":2,"d":"2.0"},{"v":134.02,"d":"134.0"},{"v":856,"d":"856.0"},{"v":8041,"d":"8,041.0"}]
["Bovinocultura leiteira","cabecas",11,{"v":4,"d":"4.0"},{"v":28.27,"d":"28.3"},{"v":137,"d":"137.0"},{"v":311,"d":"311.0"}]
["Bovinocultura mista","cabecas",17,{"v":2,"d":"2.0"},{"v":18.12,"d":"18.1"},{"v":60,"d":"60.0"},{"v":308,"d":"308.0"}]
["Equinocultura","cabecas",63,{"v":1,"d":"1.0"},{"v":7.19,"d":"7.2"},{"v":300,"d":"300.0"},{"v":453,"d":"453.0"}]
["Ovinocultura","cabecas",3,{"v":9,"d":"9.0"},{"v":15.33,"d":"15.3"},{"v":25,"d":"25.0"},{"v":46,"d":"46.0"}]
["Suinocultura","cabecas",1,{"v":4,"d":"4.0"},{"v":4,"d":"4.0"},{"v":4,"d":"4.0"},{"v":4,"d":"4.0"}]
["Fonte: Secretaria de Agricultura e Abastecimento, CDRS/IEA, Projeto LUPA."]
[]
["TABELA 291.3 -  Máquinas, Implementos e Benfeitorias, Município de Júlio Mesquita, Estado de São Paulo, 2016/17."]
["ITEM","UNIDADE","N.DE UPAs","MÍNIMO","MÉDIO","MÁXIMO","TOTAL"]
["Arado comum (bacia, aiveca)","unidade",18,{"v":1,"d":"1.0"},{"v":1.33,"d":"1.3"},{"v":5,"d":"5.0"},{"v":24,"d":"24.0"}]
["Arado escarificador","unidade",6,{"v":1,"d":"1.0"},{"v":1.17,"d":"1.2"},{"v":2,"d":"2.0"},{"v":7,"d":"7.0"}]
["Arado subsolador","unidade",3,{"v":1,"d":"1.0"},{"v":1,"d":"1.0"},{"v":1,"d":"1.0"},{"v":3,"d":"3.0"}]
["Batedeira de cereais","unidade",1,{"v":1,"d":"1.0"},{"v":1,"d":"1.0"},{"v":1,"d":"1.0"},{"v":1,"d":"1.0"}]
["Carreta de trator","unidade",10,{"v":1,"d":"1.0"},2.4,{"v":8,"d":"8.0"},{"v":24,"d":"24.0"}]
["Colhedeira acoplada","unidade",2,{"v":1,"d":"1.0"},1.5,{"v":2,"d":"2.0"},{"v":3,"d":"3.0"}]
["Conj.irrigacao autopropelido","unidade",1,{"v":1,"d":"1.0"},{"v":1,"d":"1.0"},{"v":1,"d":"1.0"},{"v":1,"d":"1.0"}]
["Conj.irrigacao convencional","unidade",4,{"v":1,"d":"1.0"},{"v":1,"d":"1.0"},{"v":1,"d":"1.0"},{"v":4,"d":"4.0"}]
["Conj.irrigacao pivot central","unidade",1,{"v":1,"d":"1.0"},{"v":1,"d":"1.0"},{"v":1,"d":"1.0"},{"v":1,"d":"1.0"}]
["Conj.irrigacao/gotejamento/microaspersao","unidade",1,{"v":3,"d":"3.0"},{"v":3,"d":"3.0"},{"v":3,"d":"3.0"},{"v":3,"d":"3.0"}]
["Conjunto de fenacao","unidade",2,{"v":1,"d":"1.0"},{"v":1,"d":"1.0"},{"v":1,"d":"1.0"},{"v":2,"d":"2.0"}]
["Desintegrador, picador, triturador","unidade",21,{"v":1,"d":"1.0"},1.1,{"v":2,"d":"2.0"},{"v":23,"d":"23.0"}]
["Distribuidor de calcario","unidade",9,{"v":1,"d":"1.0"},{"v":1.44,"d":"1.4"},{"v":3,"d":"3.0"},{"v":13,"d":"13.0"}]
["Ensiladeira","unidade",5,{"v":1,"d":"1.0"},{"v":1,"d":"1.0"},{"v":1,"d":"1.0"},{"v":5,"d":"5.0"}]
["Grade aradora (tipo romi)","unidade",9,{"v":1,"d":"1.0"},{"v":1.11,"d":"1.1"},{"v":2,"d":"2.0"},{"v":10,"d":"10.0"}]
["Grade niveladora","unidade",20,{"v":1,"d":"1.0"},1.2,{"v":2,"d":"2.0"},{"v":24,"d":"24.0"}]
["Implementos para tracao animal","unidade",2,{"v":1,"d":"1.0"},1.5,{"v":2,"d":"2.0"},{"v":3,"d":"3.0"}]
["Misturador de racao","unidade",3,{"v":1,"d":"1.0"},{"v":1,"d":"1.0"},{"v":1,"d":"1.0"},{"v":3,"d":"3.0"}]
["Mmicrotrator","unidade",5,{"v":1,"d":"1.0"},1.4,{"v":2,"d":"2.0"},{"v":7,"d":"7.0"}]
["Ordenhadeira mecanica","unidade",4,{"v":1,"d":"1.0"},{"v":1,"d":"1.0"},{"v":1,"d":"1.0"},{"v":4,"d":"4.0"}]
["Pulverizador tratorizado","unidade",21,{"v":1,"d":"1.0"},1.9,{"v":7,"d":"7.0"},{"v":40,"d":"40.0"}]
["Resfriador de leite, tanque expansao","unidade",3,{"v":1,"d":"1.0"},{"v":1,"d":"1.0"},{"v":1,"d":"1.0"},{"v":3,"d":"3.0"}]
["Roçadeira tratorizada","unidade",2,{"v":1,"d":"1.0"},{"v":2,"d":"2.0"},{"v":3,"d":"3.0"},{"v":4,"d":"4.0"}]
["Roçadora","unidade",2,{"v":1,"d":"1.0"},{"v":1,"d":"1.0"},{"v":1,"d":"1.0"},{"v":2,"d":"2.0"}]
["Semeadeira/adubadeira para plantio convencional","unidade",7,{"v":1,"d":"1.0"},{"v":1.57,"d":"1.6"},{"v":4,"d":"4.0"},{"v":11,"d":"11.0"}]
["Semeadeira/plantadeira plantio direto","unidade",3,{"v":1,"d":"1.0"},{"v":1.33,"d":"1.3"},{"v":2,"d":"2.0"},{"v":4,"d":"4.0"}]
["Terraceador","unidade",2,{"v":1,"d":"1.0"},{"v":1,"d":"1.0"},{"v":1,"d":"1.0"},{"v":2,"d":"2.0"}]
["Trator de pneus  acima de 85 cv","unidade",11,{"v":1,"d":"1.0"},{"v":2.73,"d":"2.7"},{"v":15,"d":"15.0"},{"v":30,"d":"30.0"}]
["Trator de pneus até 65 cv","unidade",24,{"v":1,"d":"1.0"},{"v":1.58,"d":"1.6"},{"v":6,"d":"6.0"},{"v":38,"d":"38.0"}]
["Trator de pneus de 66 cv a 85 cv","unidade",20,{"v":1,"d":"1.0"},1.2,{"v":2,"d":"2.0"},{"v":24,"d":"24.0"}]
["Acude/represa","unidade",45,{"v":1,"d":"1.0"},{"v":1.82,"d":"1.8"},{"v":8,"d":"8.0"},{"v":82,"d":"82.0"}]
["Almoxarifado/oficina","unidade",12,{"v":1,"d":"1.0"},{"v":1.25,"d":"1.3"},{"v":3,"d":"3.0"},{"v":15,"d":"15.0"}]
["Armazem para graos ensacados","sacas",8]
["Balanca para bovinos","unidade",1,{"v":1,"d":"1.0"},{"v":1,"d":"1.0"},{"v":1,"d":"1.0"},{"v":1,"d":"1.0"}]
["Barracao/galpao/garagem","unidade",48,{"v":1,"d":"1.0"},{"v":1.38,"d":"1.4"},{"v":4,"d":"4.0"},{"v":66,"d":"66.0"}]
["Casa de moradia habitada","unidade",54,{"v":1,"d":"1.0"},{"v":1.26,"d":"1.3"},{"v":5,"d":"5.0"},{"v":68,"d":"68.0"}]
["Casa de moradia total","unidade",65,{"v":1,"d":"1.0"},{"v":2.11,"d":"2.1"},{"v":20,"d":"20.0"},{"v":137,"d":"137.0"}]
["Curral/mangueira","unidade",54,{"v":1,"d":"1.0"},{"v":1.04,"d":"1.0"},{"v":2,"d":"2.0"},{"v":56,"d":"56.0"}]
["Deposito/tulha","unidade",34,{"v":1,"d":"1.0"},{"v":1.12,"d":"1.1"},{"v":3,"d":"3.0"},{"v":38,"d":"38.0"}]
["Estabulo","unidade",1,{"v":1,"d":"1.0"},{"v":1,"d":"1.0"},{"v":1,"d":"1.0"},{"v":1,"d":"1.0"}]
["Estufa/plasticultura","m2",2]
["Fabrica de racao","unidade",1,{"v":1,"d":"1.0"},{"v":1,"d":"1.0"},{"v":1,"d":"1.0"},{"v":1,"d":"1.0"}]
["Instalacoes para equinos","unidade",3,{"v":1,"d":"1.0"},{"v":10.33,"d":"10.3"},{"v":20,"d":"20.0"},{"v":31,"d":"31.0"}]
["Maquina de beneficio","unidade",7,{"v":1,"d":"1.0"},{"v":1,"d":"1.0"},{"v":1,"d":"1.0"},{"v":7,"d":"7.0"}]
["Pocilga","unidade",3,{"v":1,"d":"1.0"},{"v":3.67,"d":"3.7"},{"v":9,"d":"9.0"},{"v":11,"d":"11.0"}]
["Poco semi-artesiano","unidade",33,{"v":1,"d":"1.0"},{"v":1.03,"d":"1.0"},{"v":2,"d":"2.0"},{"v":34,"d":"34.0"}]
["Secador de graos","unidade",1,{"v":1,"d":"1.0"},{"v":1,"d":"1.0"},{"v":1,"d":"1.0"},{"v":1,"d":"1.0"}]
["Terreiro","m2",29]
["Fonte: Secretaria de Agricultura e Abastecimento, CDRS/IEA, Projeto LUPA."]
[]
["TABELA 291.4 - Outras Estatísticas Agrícolas, Município de Júlio Mesquita, Estado de São Paulo, 2016/17."]
["ITEM","Número de UPAs",null,"Percentual"]
["Faz Parte de Associação de Produtores",26,null,{"v":23.636363636363637,"d":"23.6"}]
["Faz Parte de Cooperativa de Produtores",68,null,{"v":61.81818181818182,"d":"61.8"}]
["Faz Parte do Sindicato de Produtores",38,null,{"v":34.54545454545455,"d":"34.5"}]
["Não utiliza assistência técnica ",7,null,{"v":6.363636363636363,"d":"6.4"}]
["Utiliza somente assistência técnica governamental ",74,null,{"v":67.27272727272727,"d":"67.3"}]
["Utiliza somente assistência técnica privada ",2,null,{"v":1.8181818181818181,"d":"1.8"}]
["Utiliza assistência técnica tanto governamental quanto privada",27,null,{"v":24.545454545454547,"d":"24.5"}]
["Utiliza Crédito Rural",38,null,{"v":34.54545454545455,"d":"34.5"}]
["Utiliza Seguro Rural",35,null,{"v":31.818181818181817,"d":"31.8"}]
["Utiliza Escrituração Agrícola",105,null,{"v":95.45454545454545,"d":"95.5"}]
["Acessa Internet p/ Fins na Agropecuária",40,null,{"v":36.36363636363637,"d":"36.4"}]
["Utiliza Computador nas Atividades Agropecuárias",49,null,{"v":44.54545454545455,"d":"44.5"}]
["Utiliza Energia Elétrica Para Uso na Atividade Agrícola",77,null,{"v":70,"d":"70.0"}]
["Utiliza Energia Alternativa","-",null,"-"]
["Realiza Análise de Solo, quando necessário",60,null,{"v":54.54545454545454,"d":"54.5"}]
["Realiza Calagem",62,null,{"v":56.36363636363636,"d":"56.4"}]
["Utiliza Práticas de Conservação de Solo, quando necessário",98,null,{"v":89.09090909090908,"d":"89.1"}]
["Faz Adubação Mineral, quando necessário",72,null,{"v":65.45454545454545,"d":"65.5"}]
["Faz Adubação Orgânica, quando necessário",22,null,{"v":20,"d":"20.0"}]
["Faz Adubação Verde, quando necessário",4,null,{"v":3.6363636363636367,"d":"3.6"}]
["Utiliza Manejo Integrado de Pragas (MIP)",1,null,{"v":0.9090909090909092,"d":"0.9"}]
["Utiliza Hidroponia","-",null,"-"]
["Utiliza Cultivo em Estufa",2,null,{"v":1.8181818181818183,"d":"1.8"}]
["Utiliza Mudas Fiscalizadas",53,null,{"v":48.18181818181818,"d":"48.2"}]
["Utiliza Semente Melhorada",80,null,{"v":72.72727272727273,"d":"72.7"}]
["Faz Confinamento de Bovinos",1,null,{"v":0.9090909090909092,"d":"0.9"}]
["Utiliza Pastejo Intensivo",1,null,{"v":0.9090909090909092,"d":"0.9"}]
["Faz Inseminação Artificial",2,null,{"v":1.8181818181818183,"d":"1.8"}]
["Faz Mineralização do Rebanho",80,null,{"v":72.72727272727273,"d":"72.7"}]
["Faz Vermifugação do Rebanho",81,null,{"v":73.63636363636363,"d":"73.6"}]
["Possui Parceiros /Arrendatários na Exploração Animal",27,null,{"v":24.545454545454547,"d":"24.5"}]
["Existência de trabalhadores c/ deficiência na UPA",1,null,{"v":0.9090909090909092,"d":"0.9"}]
["Esporte e lazer","-",null,"-"]
["Extração mineral","-",null,"-"]
["Hotel Fazenda, Pousada ou SPA","-",null,"-"]
["Pesque-pague","-",null,"-"]
["Restaurante ou Lanchonete","-",null,"-"]
["Transformação artesanal","-",null,"-"]
["Turismo rural ou ecoturismo","-",null,"-"]
["Outras atividades econômicas rurais","-",null,"-"]
["Agroindústria","-",null,"-"]
["Proprietário sem instrução ou com instrução incompleta","-",null,"-"]
["Proprietário com antigo primário completo",24,null,{"v":21.818181818181817,"d":"21.8"}]
["Proprietário com 1° grau (ou antigo ginasial) completo",2,null,{"v":1.8181818181818183,"d":"1.8"}]
["Proprietário com 2° grau (ou antigo colegial) completo",34,null,{"v":30.90909090909091,"d":"30.9"}]
["Proprietário com curso superior completo ",47,null,{"v":42.72727272727273,"d":"42.7"}]
["Pessoa Jurídica",3,null,{"v":2.727272727272727,"d":"2.7"}]
["Proprietário residente na própria UPA ",14,null,{"v":12.727272727272727,"d":"12.7"}]
["Fonte: Secretaria de Agricultura e Abastecimento, CDRS/IEA, Projeto LUPA."]
[]
["TABELA 291.5 - Área Cultivada, Município de Júlio Mesquita, Estado de São Paulo, 2016/17."]
["CULTURA","N.DE UPAs","MÍNIMO","MÉDIO","MÁXIMO","TOTAL"]
["Braquiaria",85,1.2,{"v":80.02,"d":"80.0"},914.9,{"v":6801.9,"d":"6,801.9"}]
["Eucalipto",30,0.2,{"v":35.98,"d":"36.0"},361.1,{"v":1079.3,"d":"1,079.3"}]
["Laranja Industria",2,{"v":97,"d":"97.0"},423.5,{"v":750,"d":"750.0"},{"v":847,"d":"847.0"}]
["Cana-de-acucar finalidade industria",7,{"v":2,"d":"2.0"},82.7,{"v":200,"d":"200.0"},578.9]
["Milho safra",7,{"v":1,"d":"1.0"},{"v":24.87,"d":"24.9"},{"v":108,"d":"108.0"},174.1]
["Amendoim",1,{"v":170,"d":"170.0"},{"v":170,"d":"170.0"},{"v":170,"d":"170.0"},{"v":170,"d":"170.0"}]
["Cafe",12,0.5,{"v":13.29,"d":"13.3"},{"v":65,"d":"65.0"},159.5]
["Banana",1,96.8,96.8,96.8,96.8]
["Soja",1,{"v":72,"d":"72.0"},{"v":72,"d":"72.0"},{"v":72,"d":"72.0"},{"v":72,"d":"72.0"}]
["Gramíneas para fenação (tonelada)",1,43.4,43.4,43.4,43.4]
["Cana-de-acucar outras finalidades",18,0.3,{"v":2.07,"d":"2.1"},{"v":15,"d":"15.0"},37.3]
["Goiaba",1,{"v":24,"d":"24.0"},{"v":24,"d":"24.0"},{"v":24,"d":"24.0"},{"v":24,"d":"24.0"}]
["Laranja destino misto",1,{"v":18,"d":"18.0"},{"v":18,"d":"18.0"},{"v":18,"d":"18.0"},{"v":18,"d":"18.0"}]
["Mandioca",1,{"v":18,"d":"18.0"},{"v":18,"d":"18.0"},{"v":18,"d":"18.0"},{"v":18,"d":"18.0"}]
["Outras florestais",1,{"v":12,"d":"12.0"},{"v":12,"d":"12.0"},{"v":12,"d":"12.0"},{"v":12,"d":"12.0"}]
["Maracuja",2,{"v":2,"d":"2.0"},{"v":4,"d":"4.0"},{"v":6,"d":"6.0"},{"v":8,"d":"8.0"}]
["Abobora (ou jerimum)",1,{"v":8,"d":"8.0"},{"v":8,"d":"8.0"},{"v":8,"d":"8.0"},{"v":8,"d":"8.0"}]
["Capim-napier (ou capim-elefante)",3,0.5,{"v":0.67,"d":"0.7"},{"v":1,"d":"1.0"},{"v":2,"d":"2.0"}]
["Coco-da-baia",1,{"v":1,"d":"1.0"},{"v":1,"d":"1.0"},{"v":1,"d":"1.0"},{"v":1,"d":"1.0"}]
["Horta domestica",1,0.6,0.6,0.6,0.6]
["Abacate",1,0.5,0.5,0.5,0.5]
["Viveiro de cafe",1,0.4,0.4,0.4,0.4]
["Fonte: Secretaria de Agricultura e Abastecimento, CDRS/IEA, Projeto LUPA."]